Энергетические затраты электродуговой установки при утилизации стеклянных отходов; Сборник избранных статей научной сессии ТУСУР; Ч. 3

Détails bibliographiques
Parent link:Сборник избранных статей научной сессии ТУСУР: по материалам Международной научно-технической конференции студентов, аспирантов и молодых ученых «Научная сессия ТУСУР-2022», 18-20 мая 2022 г., г. Томск/ Томский государственный университет систем управления и радиоэлектроники (ТУСУР).— , 2022
Ч. 3.— 2022.— [С. 150-152]
Auteur principal: Болатова Ж. С. Жанар Санатовна
Collectivités auteurs: Национальный исследовательский Томский политехнический университет Инженерная школа информационных технологий и робототехники Отделение автоматизации и робототехники, Национальный исследовательский Томский политехнический университет Инженерная школа энергетики Отделение электроэнергетики и электротехники
Autres auteurs: Корчагина А. П. Анастасия Павловна (научный руководитель), Пак А. Я. Александр Яковлевич
Résumé:Заглавие с экрана
Ежегодно по всему миру образуется огромное количество стеклянных отходов, которые чаще всего не перерабатываются, а захораниваются на полигонах. Одним из методов утилизации является плазменная переработка. В данной работе оценены энергетические затраты электродуговой установки при переработке стеклянных отходов.
Langue:russe
Publié: 2022
Sujets:
Accès en ligne:https://storage.tusur.ru/files/154433/2022-izb-3.pdf#page=150
Format: MixedMaterials Électronique Chapitre de livre
KOHA link:https://koha.lib.tpu.ru/cgi-bin/koha/opac-detail.pl?biblionumber=668275

MARC

LEADER 00000naa0a2200000 4500
001 668275
005 20250617162904.0
035 |a (RuTPU)RU\TPU\network\39499 
035 |a RU\TPU\network\39067 
090 |a 668275 
100 |a 20220915d2022 k y0rusy50 ca 
101 0 |a rus 
102 |a RU 
135 |a drcn ---uucaa 
181 0 |a i  
182 0 |a b 
200 1 |a Энергетические затраты электродуговой установки при утилизации стеклянных отходов  |f Ж. Болатова, А. П. Корчагина  |g науч. рук. А. Я. Пак 
203 |a Текст  |c электронный 
300 |a Заглавие с экрана 
320 |a [Библиогр.: с. 152 (7 назв.)] 
330 |a Ежегодно по всему миру образуется огромное количество стеклянных отходов, которые чаще всего не перерабатываются, а захораниваются на полигонах. Одним из методов утилизации является плазменная переработка. В данной работе оценены энергетические затраты электродуговой установки при переработке стеклянных отходов. 
461 |t Сборник избранных статей научной сессии ТУСУР  |o по материалам Международной научно-технической конференции студентов, аспирантов и молодых ученых «Научная сессия ТУСУР-2022», 18-20 мая 2022 г., г. Томск  |o в 3 ч.  |f Томский государственный университет систем управления и радиоэлектроники (ТУСУР)  |d 2022 
463 |t Ч. 3  |v [С. 150-152]  |d 2022 
610 1 |a труды учёных ТПУ 
610 1 |a электронный ресурс 
610 1 |a стеклянные отходы 
610 1 |a плазменная утилизация 
700 1 |a Болатова  |b Ж. С.  |c специалист в области материаловедения  |c инженер, младший научный сотрудник Томского политехнического университета  |f 1996-  |g Жанар Санатовна  |3 (RuTPU)RU\TPU\pers\47032  |9 22626 
701 1 |a Корчагина  |b А. П.  |c старший лаборант Томского политехнического университета  |f 2000-  |g Анастасия Павловна  |3 (RuTPU)RU\TPU\pers\47194  |9 22774 
702 1 |a Пак  |b А. Я.  |c специалист в области электротехники  |c начальник отдела Томского политехнического университета, кандидат технических наук  |f 1986-  |g Александр Яковлевич  |4 727 
712 0 2 |a Национальный исследовательский Томский политехнический университет  |b Инженерная школа информационных технологий и робототехники  |b Отделение автоматизации и робототехники  |3 (RuTPU)RU\TPU\col\23553 
712 0 2 |a Национальный исследовательский Томский политехнический университет  |b Инженерная школа энергетики  |b Отделение электроэнергетики и электротехники  |3 (RuTPU)RU\TPU\col\23505 
801 2 |a RU  |b 63413507  |c 20221221  |g RCR 
850 |a 63413507 
856 4 |u https://storage.tusur.ru/files/154433/2022-izb-3.pdf#page=150  |z https://storage.tusur.ru/files/154433/2022-izb-3.pdf#page=150 
942 |c CF